|
|
|
|
| LEADER |
01330nam a2200373 a 4500 |
| 001 |
EBC438727 |
| 003 |
MiAaPQ |
| 005 |
20200520144314.0 |
| 006 |
m o d | |
| 007 |
cr cn||||||||| |
| 008 |
071214s2008 enka s 001 0 eng |
| 010 |
|
|
|z 2007051242
|
| 015 |
|
|
|a GBA817792
|2 bnb
|
| 016 |
7 |
|
|z 014519483
|2 Uk
|
| 020 |
|
|
|z 9780566087400 (alk. paper)
|
| 020 |
|
|
|z 0566087405 (alk. paper)
|
| 035 |
|
|
|a (MiAaPQ)EBC438727
|
| 035 |
|
|
|a (Au-PeEL)EBL438727
|
| 035 |
|
|
|a (CaPaEBR)ebr10254936
|
| 035 |
|
|
|a (CaONFJC)MIL941606
|
| 035 |
|
|
|a (OCoLC)560633385
|
| 040 |
|
|
|a MiAaPQ
|c MiAaPQ
|d MiAaPQ
|
| 050 |
|
4 |
|a HD62.13
|b .H883 2008
|
| 082 |
0 |
4 |
|a 658.4/013
|2 22
|
| 100 |
1 |
|
|a Hutchins, David C.
|
| 245 |
1 |
0 |
|a Hoshin Kanri
|h [electronic resource] :
|b the strategic approach to continuous improvement /
|c David Hutchins.
|
| 260 |
|
|
|a Aldershot, England ;
|a Burlington, VT :
|b Gower,
|c c2008.
|
| 300 |
|
|
|a xvii, 287 p. :
|b ill.
|
| 500 |
|
|
|a Includes index.
|
| 533 |
|
|
|a Electronic reproduction. Ann Arbor, MI : ProQuest, 2015. Available via World Wide Web. Access may be limited to ProQuest affiliated libraries.
|
| 650 |
|
0 |
|a Total quality management.
|
| 655 |
|
4 |
|a Electronic books.
|
| 710 |
2 |
|
|a ProQuest (Firm)
|
| 856 |
4 |
0 |
|u https://ebookcentral.proquest.com/lib/matrademy/detail.action?docID=438727
|z Click to View
|